Normal view
MARC view
Entry Personal Name
001 - CONTROL NUMBER
- control field: 861856
003 - CONTROL NUMBER IDENTIFIER
- control field: OSt
005 - DATE AND TIME OF LATEST TRANSACTION
- control field: 20260105141302.0
008 - FIXED-LENGTH DATA ELEMENTS
- fixed length control field: 260105|| aca||aabn | a|a d
040 ## - CATALOGING SOURCE
- Original cataloging agency: OSt
- Transcribing agency: OSt
100 ## - HEADING--PERSONAL NAME
- Personal name: त्रिपाठी, रामसागर
670 ## - SOURCE DATA FOUND
- Source citation: Work cat.: (OSt)1466878: त्रिपाठी, रामसागर , भारतीय नाट्यशास्त्र और रंगमंच , 1987.
